<?xml version="1.0" encoding="UTF-8"?>
<collection xmlns="http://www.loc.gov/MARC21/slim">
 <record>
  <leader>00790nam a22001817i 4500</leader>
  <controlfield tag="001">000348068</controlfield>
  <controlfield tag="005">20180911131238.0</controlfield>
  <controlfield tag="008">170123s1920    ??     fr     000 0 cze?d</controlfield>
  <datafield tag="STA" ind1=" " ind2=" ">
   <subfield code="a">Rychlá katalogizace</subfield>
  </datafield>
  <datafield tag="100" ind1="1" ind2=" ">
   <subfield code="a">Schmoller, Gustav,</subfield>
   <subfield code="d">1838-1917</subfield>
   <subfield code="7">skuk0001233</subfield>
  </datafield>
  <datafield tag="245" ind1=" " ind2="0">
   <subfield code="a">Grundriß der allgemeinen Volkswirtschaftslehre</subfield>
  </datafield>
  <datafield tag="264" ind1=" " ind2="1">
   <subfield code="a">Leipzig ;</subfield>
   <subfield code="b">München Duncter</subfield>
   <subfield code="c">1920</subfield>
  </datafield>
  <datafield tag="300" ind1=" " ind2=" ">
   <subfield code="a">více svazků</subfield>
  </datafield>
  <datafield tag="993" ind1=" " ind2=" ">
   <subfield code="x">NEPOSILAT</subfield>
   <subfield code="y">RYCHLA</subfield>
  </datafield>
  <datafield tag="996" ind1=" " ind2=" ">
   <subfield code="1">PDPZ0</subfield>
   <subfield code="3">E331</subfield>
   <subfield code="4">PC=779/21</subfield>
   <subfield code="5">3142297281</subfield>
   <subfield code="7">2.Teil</subfield>
   <subfield code="8">20170123</subfield>
   <subfield code="f">95</subfield>
   <subfield code="h">2.Teil</subfield>
   <subfield code="l">UEP01</subfield>
   <subfield code="m">BOOK</subfield>
   <subfield code="q">Knihovna Žižkov depoz. 0</subfield>
   <subfield code="t">prezenční - lze objednat</subfield>
   <subfield code="u">UEP01</subfield>
   <subfield code="w">20170215</subfield>
  </datafield>
  <datafield tag="996" ind1=" " ind2=" ">
   <subfield code="1">PDPZ0</subfield>
   <subfield code="3">E331</subfield>
   <subfield code="4">PC=779/21</subfield>
   <subfield code="5">3142297354</subfield>
   <subfield code="7">1.Teil</subfield>
   <subfield code="8">20170123</subfield>
   <subfield code="f">95</subfield>
   <subfield code="h">1.Teil</subfield>
   <subfield code="l">UEP01</subfield>
   <subfield code="m">BOOK</subfield>
   <subfield code="q">Knihovna Žižkov depoz. 0</subfield>
   <subfield code="t">prezenční - lze objednat</subfield>
   <subfield code="u">UEP01</subfield>
   <subfield code="w">20170204</subfield>
  </datafield>
 </record>
</collection>
